01227nam a2200157 a 4500008004100000020001500041041000800056100002200064245004700086250001100133260003500144300001100179500008200190505078200272655001501054180524e1989 ag ||||| |||| 00| f spa d a9500408759 aspa1 aSanders, Lawrence 4aLos ardides de Timothy /cLawrence Sanders a1a ed. aBuenos Aires:bEmecé;c1989. a366 p. aSanders, L. (1989). Los ardides de Timothy. (1a ed.). Buenos Aires : Emecé. aTimothy Cone, recordado protagonista de Los archivos de Timothy, conoce Wall Street como nadie. Su manera de vestirse no es inmaculada y no siempre suele estar sobrio, pero es un detective duro y sagaz, que se mueve como pez en el agua en el submundo de las finanzas neoyorquinas. Timothy se enfrenta ahora con tres nuevos casos, todos igualmente peligrosos: la mujer audaz que trama un ingenioso golpe especulativo; el asesinato de un empresario megalómano, odiado por muchos, pero muerto por una sola persona; y el caso de la empresa de productos alimenticios china, amenazada por complicadas rivalidades mafiosas. Los ardides de Timothy combina diversas características y los ambientes mas inusitados en un poderoso cocktail de acción e intriga, ágil y entretenido.  aLiteratura